000
00264nam a22001097a 4500
008
170112b xxu||||| |||| 00| 0 eng d
020
_a
9780781781213
041
_a
eng
080
_2
12TH
_a
618.2
245
_a
NURSING DIAGNOSIS
_c
CARPENITO-MOYET, L.J
942
_2
udc
_c
BK
999
_c
2791
_d
2791